000 01326cam a2200349 a 4500
001 15037242
003 OSt
005 20150818151748.0
008 071009s2009 njua b 001 0 eng
010 _a 2007041566
020 _a9789812532757
035 _a(OCoLC)ocn174040264
035 _a(OCoLC)174040264
040 _aDLC
_cDLC
_dBAKER
_dC#P
_dBWX
_dDLC
050 0 0 _aTS 155
_b.R755 2003
100 1 _aRussell, Roberta S.
245 1 0 _aOperations management :
_balong the supply chain /
_cRoberta S. Russell, Bernard W. Taylor III.
250 _a4th edition.
260 _aHoboken, NJ :
_bJohn Wiley & Sons,
_c2003.
300 _axx, 824 pages :
_billustrations ;
_c29 cm.
500 _aIncludes bibliographical references and index.
562 _efor circulation. 1 copy available in the collection
650 0 _aProduction management.
650 0 _aQuality control.
700 1 _aTaylor, Bernard W.
856 4 2 _3Publisher description
_uhttp://www.loc.gov/catdir/enhancements/fy0814/2007041566-d.html
856 4 1 _3Table of contents only
_uhttp://www.loc.gov/catdir/enhancements/fy0814/2007041566-t.html
906 _a7
_bcbc
_corignew
_d1
_eecip
_f20
_gy-gencatlg
942 _2lcc
_cBK
999 _c288403
_d288403